000 00744cam a22002538a 4500
001 16922563
005 20180316042723.0
008 110815s2011 nyua b 001 0 eng
010 _a 2011034490
020 _a9781621004523 (hardcover)
035 _a(DNLM)101566945
040 _aDNLM/DLC
_cDLC
_dDLC
041 _aeng
042 _apcc
060 1 0 _aQU 34
080 _a610.28 nin
082 0 0 _a610.28 nin
_223
100 _a5
101 _abio
245 0 0 _aBiochemistry and biotechnology :
_ceditors, Sergey D. Varfolomeev, G.E. Zaikov, Larisa P. Krylova.
504 _aIncludes bibliographical references and index.
906 _a7
_bcbc
_corignew
_d1
_eecip
_f20
_gy-gencatlg
942 _2ddc
_cBK
999 _c45189
_d45189